<?xml version="1.0" encoding="UTF-8"?>
<collection xmlns:xsi="http://www.w3.org/2001/XMLSchema-instance" xsi:schemaLocation="http://www.loc.gov/MARC21/slim http://www.loc.gov/standards/marcxml/schema/MARC21slim.xsd" xmlns="http://www.loc.gov/MARC21/slim">
 <record>
  <leader>00000cam a22000003i 4500</leader>
  <controlfield tag="001">UP-1685594773862138198</controlfield>
  <controlfield tag="003">Buklod</controlfield>
  <controlfield tag="005">20190213105655.0</controlfield>
  <controlfield tag="006">g||| |     ||   ||</controlfield>
  <controlfield tag="007">ta</controlfield>
  <controlfield tag="008">190213s2006    xx a    rb   |1|1 u|eng d</controlfield>
  <datafield tag="020" ind1=" " ind2=" ">
   <subfield code="a">9789812568335</subfield>
  </datafield>
  <datafield tag="020" ind1=" " ind2=" ">
   <subfield code="a">9812568336</subfield>
  </datafield>
  <datafield tag="035" ind1=" " ind2=" ">
   <subfield code="a">(iLib)UPBAG-00032978954</subfield>
  </datafield>
  <datafield tag="040" ind1=" " ind2=" ">
   <subfield code="a">DLC</subfield>
   <subfield code="d">BAG</subfield>
   <subfield code="e">rda</subfield>
  </datafield>
  <datafield tag="041" ind1="0" ind2=" ">
   <subfield code="a">eng</subfield>
  </datafield>
  <datafield tag="090" ind1=" " ind2="0">
   <subfield code="a">RA 643.7 A78</subfield>
   <subfield code="b">P67 2006</subfield>
  </datafield>
  <datafield tag="245" ind1="0" ind2="0">
   <subfield code="a">Population dynamics and infectious diseases in Asia</subfield>
   <subfield code="c">editors, Adrian C. Sleigh [and four others].</subfield>
  </datafield>
  <datafield tag="264" ind1=" " ind2="1">
   <subfield code="a">Singapore</subfield>
   <subfield code="b">World Scientific Publishing Co. Pte. Ltd.</subfield>
   <subfield code="c">[2006]</subfield>
  </datafield>
  <datafield tag="300" ind1=" " ind2=" ">
   <subfield code="a">xviii, 443 pages</subfield>
   <subfield code="b">illustrations</subfield>
   <subfield code="c">24 cm</subfield>
  </datafield>
  <datafield tag="336" ind1=" " ind2=" ">
   <subfield code="a">text</subfield>
   <subfield code="2">rdacontent</subfield>
  </datafield>
  <datafield tag="337" ind1=" " ind2=" ">
   <subfield code="a">unmediated</subfield>
   <subfield code="2">rdamedia</subfield>
  </datafield>
  <datafield tag="338" ind1=" " ind2=" ">
   <subfield code="a">volume</subfield>
   <subfield code="2">rdacarrier</subfield>
  </datafield>
  <datafield tag="500" ind1=" " ind2=" ">
   <subfield code="a">&quot;... selected papers first presented at an international workshop entitled &quot;Population dynamics and infectious diseases in Asia&quot;, held in Singapore in October 2004&quot;--Preface.</subfield>
  </datafield>
  <datafield tag="504" ind1=" " ind2=" ">
   <subfield code="a">Includes bibliographical references and index.</subfield>
  </datafield>
  <datafield tag="505" ind1="0" ind2=" ">
   <subfield code="a">Transdisciplinary approaches to population dynamics and infectious diseases in Asia / Adrian C. Sleigh, Chee Heng Leng, Brenda SA Yeoh, Phua Kai Hong, and Rachel Safman -- Ecological and social influences on emergence of resurgence of infectious diseases / Anthony J. McMichael -- Landscape epidemiology and migration: insights and problems at several scales for transmissible diseases / David J. Bradley -- Water, dams and infection: Asian challenges / Adrian C. Sleigh -- The impact of imported infection / Niels G. Becker and Kathryn Glass -- Demographic and epidemiological transitions in Asia: Comparative health policies for emerging infectious diseases / Phua Kai Hong and Venom J.M. Lee -- Control of infectious diseases and rising life expectancy in Shanghai: 1950-2003 / Zhongwei Zhao, Feng Zou, Guxiang Song, Shengnian Zhang and Tingkui Zhou -- Social change and infectious diseases in Northern Mountain Vietnam / Tran Lam Nguyen -- NGOs and the re-organisation of &quot;community development&quot; in Northern Thailand: Mediating the flows of people living with HIV and AIDS / Vincent J. Del Casino Jr. -- HIV/AIDS in Singapore: state policies, social norms and civil society action / Shir Nee Ong and Brenda SA Yeoh -- Cultivating the market: mobility, labour and sexual exchange in Northwest Laos / Chris Lyttleton -- Household poverty, off-farm migration and pulmonary tuberculosis in rural Henan, China / Sukhan Jackson, Adrian C. Sleigh, Guo-Jie WAng, and Xi-Li Liu -- Migration, gender, and STD risk: a case study of female temporary migrants in Southwestern China / Xiushi Yang -- The Hajj pilgrimage: public health consequences of the largest people mass movement / Annelies Wilder-Smith -- Epidemiology of emerging infectious diseases in Singapore, with special reference to SARS / Kee Tai Goh and Suok Kai Chew -- Probable roles of bio-aerosol dispersion in the SARS outbreak in Amoy Gardens, Hong Kong / Yuguo Li, Hua Qian, Ignatius Tak Sun, and Tze Wai Wong -- Discourse of &quot;othering&quot; during the SARS outbreak in Taiwan: a news analysis / Mei-Ling Hsu and Ching-I Liu -- Risk perception and coping responses in a SARS outbreak in Malaysia / Chan Chee Khoon -- A defining moment, defining moment: Making SARS history in Singapore / Liew Kai Khium -- SARS and China's rural migrant labour: roots of a governance crisis / David Kelly and Xiaopeng Luo -- Avian flu: one more infection challenge from Asia / Adrian C. Sleigh, Rachel Safman, and Phua Kai Hong.</subfield>
  </datafield>
  <datafield tag="650" ind1=" " ind2="0">
   <subfield code="a">Communicable diseases</subfield>
   <subfield code="z">Asia</subfield>
   <subfield code="v">Congresses.</subfield>
  </datafield>
  <datafield tag="650" ind1=" " ind2="0">
   <subfield code="a">SARS (Disease)</subfield>
   <subfield code="z">Asia</subfield>
   <subfield code="v">Congresses.</subfield>
  </datafield>
  <datafield tag="650" ind1=" " ind2="0">
   <subfield code="a">Population biology</subfield>
   <subfield code="z">Asia</subfield>
   <subfield code="v">Congresses.</subfield>
  </datafield>
  <datafield tag="700" ind1="1" ind2=" ">
   <subfield code="a">Sleigh, Adrian C.</subfield>
   <subfield code="e">editor.</subfield>
  </datafield>
  <datafield tag="700" ind1="1" ind2=" ">
   <subfield code="a">Chee, Heng Leng</subfield>
   <subfield code="e">editor.</subfield>
  </datafield>
  <datafield tag="700" ind1="1" ind2=" ">
   <subfield code="a">SA Yeoh, Brenda</subfield>
   <subfield code="e">editor.</subfield>
  </datafield>
  <datafield tag="700" ind1="1" ind2=" ">
   <subfield code="a">Phua, Kai Hong</subfield>
   <subfield code="e">editor.</subfield>
  </datafield>
  <datafield tag="700" ind1="1" ind2=" ">
   <subfield code="a">Safman, Rachel</subfield>
   <subfield code="e">editor.</subfield>
  </datafield>
  <datafield tag="905" ind1=" " ind2=" ">
   <subfield code="a">FO</subfield>
  </datafield>
  <datafield tag="852" ind1="0" ind2=" ">
   <subfield code="a">UPBAG</subfield>
   <subfield code="b">UPBAG-MAIN</subfield>
   <subfield code="h">RA 643.7 A78 P67 2006</subfield>
  </datafield>
  <datafield tag="942" ind1=" " ind2=" ">
   <subfield code="a">Book</subfield>
  </datafield>
 </record>
</collection>
